000 00695nam a22002171a 4500
001 10433
003 OSt
005 20260204212159.0
008 090202s2007||||dr ||||||b||||||||||spa||
020 _a9789945859119
050 _aRD 972.9367 P415d
100 _aPérez y Pérez, Carlos Federico
245 _aEl pensamiento y la acción en la vida de Juan Pablo Duarte / Carlos Federico Pérez y Perez
250 _a2
264 _aSanto Domingo : Banreservas - Bibliófilos
300 _a278 p
490 _aColección Bibliófilo y Banreserva Vol. 1
650 _aJuan Pablo Duarte - Historia Dominicana
710 _aBanco de Reservas de la República DominicanaÌ
942 _2ddc
_cBK
999 _c10433
_d10433